00429nam a2200169Ia 4500003000900000005001700009008004100026040003300067041000800100080001600108100002000124245003600144260003200180300002300212650001500235650000900250LK-CoDNM20241211144511.0010623t1986 xxu||||| |||| 00| 1 eng d aLK-CoDNMdLK-CoDNMeLK-CoDNM aeng a8 C.07bRAN aRanawake, Edvin aSpoken Sinhalese for foreigners bM.D.GunasenaaColomboc1986 bxiii, 81p. ; 18 cm aLiterature a1986